[Event "Stay Safe Play From Home 196"]
[Site "T#646541Emanuel Laske"]
[Date "2020.06.03"]
[Round "7"]
[White "Bigwig911"]
[Black "Grizzzly"]
[Result "0-1"]
[WhiteElo "1451"]
[BlackElo "1717"]
[Annotator "NA RC"]
[PlyCount "86"]
[EventDate "2020.06.03"]
[EventType "swiss (blitz)"]

1. d4 {[%emt 0:00:01]} d5 {[%emt 0:00:01]} 2. Nf3 {[%emt 0:00:00]} e6 {[%emt 0:00:01]} 3. Bg5 {[%emt 0:00:00]} Be7 {[%emt 0:00:01]} 4. Bxe7 {[%emt 0:00:02]} Qxe7 {[%emt 0:00:00]} 5. c4 {[%emt 0:00:00]} Nf6 {[%emt 0:00:00]} 6. Nc3 {[%emt 0:00:00]} O-O {[%emt 0:00:00]} 7. e3 {[%emt 0:00:00]} Nbd7 {[%emt 0:00:00]} 8. cxd5 {[%emt 0:00:01]} exd5 {[%emt 0:00:01]} 9. Bd3 {[%emt 0:00:01]} c6 {[%emt 0:00:00]} 10. O-O {[%emt 0:00:01]} Re8 {[%emt 0:00:00]} 11. Bb1 {[%emt 0:00:01]} Nf8 {[%emt 0:00:01]} 12. Qd3 {[%emt 0:00:01]} Ng6 {[%emt 0:00:00]} 13. Ne5 {[%emt 0:00:01]} Ne4 {[%emt 0:00:02]} 14. Nxe4 {[%emt 0:00:01]} dxe4 {[%emt 0:00:02]} 15. Qxe4 {[%emt 0:00:01]} f6 {[%emt 0:00:01]} 16. Nxg6 {[%emt 0:00:02]} Qxe4 {[%emt 0:00:01]} 17. Bxe4 {[%emt 0:00:02]} Rxe4 {[%emt 0:00:01]} 18. f3 {[%emt 0:00:01]} Re8 {[%emt 0:00:02]} 19. Nf4 {[%emt 0:00:01]} Be6 {[%emt 0:00:02]} 20. d5 {[%emt 0:00:01]} cxd5 {[%emt 0:00:02]} 21. Rad1 {[%emt 0:00:00]} Rad8 {[%emt 0:00:02]} 22. e4 {[%emt 0:00:01]} dxe4 {[%emt 0:00:01]} 23. Nxe6 {[%emt 0:00:01]} Rxd1 {[%emt 0:00:02]} 24. Rxd1 {[%emt 0:00:01]} Rxe6 {[%emt 0:00:01]} 25. Rd8+ {[%emt 0:00:01]} Kf7 {[%emt 0:00:01]} 26. Rd7+ {[%emt 0:00:01]} Kg6 {[%emt 0:00:02]} 27. Rxb7 {[%emt 0:00:02]} e3 {[%emt 0:00:03]} 28. Kf1 {[%emt 0:00:06]} e2+ {[%emt 0:00:03]} 29. Ke1 {[%emt 0:00:01]} Ra6 {[%emt 0:00:01]} 30. Kxe2 {[%emt 0:00:01]} Rxa2 {[%emt 0:00:01]} 31. h4 {[%emt 0:00:01]} a5 {[%emt 0:00:01]} 32. g4 {[%emt 0:00:01]} a4 {[%emt 0:00:01]} 33. h5+ {[%emt 0:00:00]} Kg5 {[%emt 0:00:02]} 34. Rb5+ {[%emt 0:00:01]} Kh4 {[%emt 0:00:03]} 35. Rb7 {[%emt 0:00:01]} a3 {[%emt 0:00:04]} 36. Rxg7 {[%emt 0:00:06]} axb2 {[%emt 0:00:02]} 37. Rb7 {[%emt 0:00:03]} b1=Q+ {[%emt 0:00:02]} 38. Ke3 {[%emt 0:00:00]} Qxb7 {[%emt 0:00:03]} 39. Kf4 {[%emt 0:00:00]} Qd5 {[%emt 0:00:01]} 40. g5 {[%emt 0:00:02]} Ra4+ {[%emt 0:00:00]} 41. Ke3 {[%emt 0:00:06]} Qxg5+ {[%emt 0:00:01]} 42. Kf2 {[%emt 0:00:00]} Ra2+ {[%emt 0:00:02]} 43. Ke1 {[%emt 0:00:01]} Qc1# {[%emt 0:00:01] (Lag: Av=0.33s, max=1.4s)} 0-1

[Event "Stay Safe Play From Home 196"]
[Site "T#646541Emanuel Laske"]
[Date "2020.06.03"]
[Round "8"]
[White "Mepe_Nika"]
[Black "buzaglo"]
[Result "0-1"]
[WhiteElo "2350"]
[BlackElo "1916"]
[Annotator "TA"]
[PlyCount "108"]
[EventDate "2020.06.03"]
[EventType "swiss (blitz)"]

{[%evp 10,107,15,20,17,10,27,3,12,0,0,0,21,-24,25,18,23,15,25,19,56,58,48,0,0,0,3,0,114,-30,0,-8,34,12,4,-22,48,0,74,0,0,-628,-622,-604,-586,-708,-573,-675,-566,-564,-471,-553,0,-552,-497,-577,-577,-679,-664,-820,-789,-1076,-865,-1808,-1096,-986,-920,-29991,-29987,-29992,-29993,-29993,-29993,-29995,-29992,-29993,-29991,-29993,-29993,-29993,-29993,-29994,-29994,-29997,-29996,-29996,-29997,-29998,-29997,-29997,-29997,-29997,-29997,-29998,-29997,-29998,-29998,-29998,-29999,-29999]} 1. d4 e6 2. Bf4 d5 3. e3 Nf6 4. Nf3 Bd6 5. Bg3 Bxg3 6. hxg3 h6 {D02: 1 d4 d5 2 Nf3 sidelines, including 2...Nf6 3 g3 and 2...Nf6 3 Bf4.} 7. Nbd2 Nbd7 8. Bd3 b6 {The position is equal.} 9. Qe2 c5 10. c3 Bb7 {[#]} 11. Rh4 $146 ({Predecessor:} 11. O-O Qc7 12. e4 dxe4 13. Nxe4 Nxe4 14. Bxe4 Bxe4 15. Qxe4 O-O 16. Rfd1 Rad8 17. Ne5 Nxe5 18. Qxe5 Qxe5 19. dxe5 {½-½ (27) Pan,T (1864)-Liu,B (1725) Changsha 2019}) 11... c4 12. Bc2 Qc7 13. e4 dxe4 14. Nxe4 Nxe4 15. Bxe4 Bxe4 16. Rxe4 O-O 17. Ne5 Nf6 18. Rh4 Nd5 (18... b5 $11 {keeps the balance.}) 19. g4 ({White should try} 19. Qxc4 $16 Qxc4 20. Nxc4) 19... Nf4 20. Qf3 Ng6 (20... f6 $5 {[%cal Rf6e5]} 21. Qxf4 g5 $11 {[%mdl 64] Double Attack}) 21. Nxg6 fxg6 22. Qe4 Qd6 (22... e5 $11 23. g5 (23. Qxg6 exd4 24. Rxh6 Qe5+ 25. Kf1 Rxf2+ {[%mdl 64] Double Attack} 26. Kg1 Raf8 $17) (23. dxe5 Rae8 $17) 23... hxg5 24. Qd5+ Qf7 25. Qxf7+ Kxf7) 23. Qxg6 {Strongly threatening g5.} Rf6 {[#]} (23... Qf4 $11 {remains equal.} 24. Qc2 (24. Qxe6+ $2 Kh8 $19) 24... e5) 24. Qe4 (24. Qc2 $1 $16) 24... Raf8 $36 {[%mdl 2048] Black fights for an advantage.} 25. f3 $2 {[%mdl 8192] Black keeps a firm grip on the game.} (25. g5 $11 Rxf2 26. O-O-O) 25... Qg3+ $19 {[%mdl 64] Double Attack} 26. Kd2 Qxh4 27. Re1 Qg5+ 28. Kc2 Qd5 29. Qe3 Rf4 30. Re2 R4f6 $2 (30... h5 $19 31. gxh5 Rh4 32. Qxe6+ Qxe6 33. Rxe6 Rh2) 31. a3 $2 {[%mdl 8192]} (31. Re1 $1 $11 h5 32. gxh5) 31... b5 32. Kb1 a5 {[%cal Ba7a5,Ba5b4][%mdl 32]} 33. Ka2 {[#]} b4 $1 34. cxb4 (34. axb4 axb4) 34... axb4 35. Ka1 Qb5 36. d5 Qxd5 {( -> ...Qd1+)} 37. Rd2 Qb5 38. Rd7 bxa3 {Black mates.} 39. Qxa3 Qxd7 40. g5 Rg6 41. Qc5 Qf7 42. f4 hxg5 43. g3 gxf4 44. Qxc4 fxg3 45. b4 e5 46. Qh4 Rh6 47. Kb2 Rxh4 48. b5 Rb4+ 49. Kc3 Rxb5 50. Kd3 Rbb8 51. Ke4 Qc4+ 52. Kxe5 Rbe8+ 53. Kd6 Rd8+ 54. Ke7 Qf7# {Accuracy: White = 54%, Black = 65%.} 0-1

[Event "Stay Safe Play From Home 196"]
[Site "T#646541Emanuel Laske"]
[Date "2020.06.03"]
[Round "8"]
[White "SoulofWolf"]
[Black "Broken sword"]
[Result "0-1"]
[WhiteElo "2202"]
[BlackElo "2465"]
[Annotator "TA"]
[PlyCount "76"]
[EventDate "2020.06.03"]
[EventType "swiss (blitz)"]

{[%evp 9,76,0,-2,-5,-4,-10,-11,-21,-11,-14,-10,-14,10,0,3,8,7,8,22,20,25,4,7,0,0,0,0,0,0,0,12,8,10,-31,89,-25,-46,-67,-5,-11,-24,-72,-71,-83,-69,-76,-79,-77,-73,-87,-68,-262,-66,-196,-80,-195,-141,-198,-180,-249,-189,-473,-462,-455,-371,-491,-458,-1939,-1894]} 1. Nf3 d5 2. d4 c6 3. e3 Nf6 4. g3 Bg4 5. Bg2 Nbd7 {[#]} 6. h3 $146 {D04: Colle System.} ({Predecessor:} 6. Nbd2 Qc7 7. c4 e5 8. dxe5 Nxe5 9. Qb3 dxc4 10. Qc3 Nd3+ 11. Kf1 Rd8 12. Qxc4 Be6 13. Qa4 Bb4 14. Nd4 O-O 15. Ne4 Nd5 16. Qc2 Ne1 {0-1 (16) Mululu,L (1633)-Rania,S (1853) Casablanca 2019}) 6... Bh5 7. O-O e6 8. b3 {The position is equal.} Bd6 9. Bb2 Qe7 10. Nbd2 Ba3 11. Qc1 Bxb2 12. Qxb2 a5 13. Rfe1 Bxf3 14. Nxf3 O-O 15. a3 b5 16. Nd2 Rfb8 17. Rac1 Nb6 18. c3 a4 19. b4 Qc7 20. Qc2 Nfd7 21. Qd3 e5 (21... f5 $15) 22. dxe5 (22. e4 $16) 22... Nxe5 $11 23. Qe2 {With the idea e4.} Nec4 (23... f5 $1 $15) 24. Nxc4 Nxc4 25. Ra1 Re8 26. Kh2 Re7 27. Qg4 Rae8 28. Re2 g6 29. h4 h5 30. Qf3 $2 {[#]} (30. Qd4 $15) 30... Qd6 $2 (30... Re4 $1 $19 {Threatens to win with ...Ne5.} 31. Ree1 Rxh4+ 32. Kg1 Rhe4) 31. Bh3 {[#]} (31. Qf4 $15) 31... Re5 (31... Re4 $1 $19 {and Black stays clearly on top. aiming for ...Rxh4.} 32. Kh1 R8e7) 32. Qg2 (32. Qf4 $17) 32... Qe7 ({Black should try} 32... g5 $19 {And now ...g4 would win.} 33. hxg5 Rxg5) 33. Ree1 (33. Qf3 $17) 33... Qf6 34. Re2 (34. Red1 {might work better.}) 34... R5e7 35. Kg1 $2 (35. Rc2 {is a better defense.}) 35... Qxc3 $19 36. Ree1 Qf6 37. Kh2 Kg7 38. Qf3 (38. Rad1 $142) 38... Qxf3 {Accuracy: White = 50%, Black = 69%.} 0-1

[Event "Stay Safe Play From Home 196"]
[Site "T#646541Emanuel Laske"]
[Date "2020.06.03"]
[Round "8"]
[White "Fischer_11"]
[Black "NeatFox"]
[Result "1-0"]
[WhiteElo "2064"]
[BlackElo "1772"]
[Annotator "NA RC"]
[PlyCount "93"]
[EventDate "2020.06.03"]
[EventType "swiss (blitz)"]

1. e4 {[%emt 0:00:06]} b6 {[%emt 0:00:00]} 2. Nc3 {[%emt 0:00:02]} Bb7 {[%emt 0:00:00]} 3. d4 {[%emt 0:00:00]} e6 {[%emt 0:00:00]} 4. Bd3 {[%emt 0:00:00]} d5 {[%emt 0:00:00]} 5. exd5 {[%emt 0:00:03]} exd5 {[%emt 0:00:01]} 6. Qe2+ {[%emt 0:00:02]} Qe7 {[%emt 0:00:01]} 7. Bg5 {[%emt 0:00:01]} Qxe2+ {[%emt 0:00:01]} 8. Ngxe2 {[%emt 0:00:00]} Be7 {[%emt 0:00:01]} 9. Bf4 {[%emt 0:00:03]} Bf6 {[%emt 0:00:02]} 10. Bxc7 {[%emt 0:00:02]} Nc6 {[%emt 0:00:01]} 11. O-O-O {[%emt 0:00:05]} Nxd4 {[%emt 0:00:01]} 12. Nxd4 {[%emt 0:00:01]} Bxd4 {[%emt 0:00:01]} 13. Bb5+ {[%emt 0:00:01]} Ke7 {[%emt 0:00:01]} 14. Rxd4 {[%emt 0:00:01]} a6 {[%emt 0:00:00]} 15. Re1+ {[%emt 0:00:04]} Kf6 {[%emt 0:00:01]} 16. Be5+ {[%emt 0:00:03]} Kg6 {[%emt 0:00:01]} 17. Bd3+ {[%emt 0:00:02]} f5 {[%emt 0:00:00]} 18. Nxd5 {[%emt 0:00:02]} Bxd5 {[%emt 0:00:01]} 19. Rxd5 {[%emt 0:00:00]} Nf6 {[%emt 0:00:01]} 20. Bxf6 {[%emt 0:00:01]} gxf6 {[%emt 0:00:01]} 21. Rxf5 {[%emt 0:00:01]} Kf7 {[%emt 0:00:01]} 22. Bc4+ {[%emt 0:00:02]} Kg6 {[%emt 0:00:01]} 23. Rd5 {[%emt 0:00:01]} Rhe8 {[%emt 0:00:01]} 24. Rxe8 {[%emt 0:00:02]} Rxe8 {[%emt 0:00:01]} 25. Kd2 {[%emt 0:00:00]} f5 {[%emt 0:00:01]} 26. Bd3 {[%emt 0:00:01]} Kg5 {[%emt 0:00:01]} 27. Rxf5+ {[%emt 0:00:01]} Kg6 {[%emt 0:00:00]} 28. Rf8+ {[%emt 0:00:01]} Re4 {[%emt 0:00:01]} 29. Bxe4+ {[%emt 0:00:01]} Kg7 {[%emt 0:00:00]} 30. Rb8 {[%emt 0:00:01]} h5 {[%emt 0:00:01]} 31. Rxb6 {[%emt 0:00:00]} h4 {[%emt 0:00:01]} 32. Rxa6 {[%emt 0:00:00]} h3 {[%emt 0:00:01]} 33. gxh3 {[%emt 0:00:00]} Kh8 {[%emt 0:00:01]} 34. Bd3 {[%emt 0:00:00]} Kg7 {[%emt 0:00:00]} 35. Kc3 {[%emt 0:00:00]} Kh8 {[%emt 0:00:00]} 36. Kc4 {[%emt 0:00:00]} Kg7 {[%emt 0:00:00]} 37. Kc5 {[%emt 0:00:00]} Kf7 {[%emt 0:00:00]} 38. Rc6 {[%emt 0:00:00]} Ke7 {[%emt 0:00:00]} 39. Rd6 {[%emt 0:00:00]} Ke8 {[%emt 0:00:01]} 40. Kd5 {[%emt 0:00:00]} Ke7 {[%emt 0:00:00]} 41. Ke5 {[%emt 0:00:00]} Kf7 {[%emt 0:00:00]} 42. Re6 {[%emt 0:00:01]} Kg7 {[%emt 0:00:01]} 43. Rf6 {[%emt 0:00:00]} Kh8 {[%emt 0:00:02]} 44. Bf1 {[%emt 0:00:00]} Kg7 {[%emt 0:00:00]} 45. Kf5 {[%emt 0:00:01]} Kg8 {[%emt 0:00:00]} 46. Kg6 {[%emt 0:00:01]} Kh8 {[%emt 0:00:01]} 47. Rf8# {[%emt 0:00:00] (Lag: Av=0.36s, max=0.9s)} 1-0

[Event "Stay Safe Play From Home 196"]
[Site "T#646541Emanuel Laske"]
[Date "2020.06.03"]
[Round "8"]
[White "Lazieri3"]
[Black "Little champs"]
[Result "1-0"]
[WhiteElo "2012"]
[BlackElo "2222"]
[Annotator "TA"]
[PlyCount "75"]
[EventDate "2020.06.03"]
[EventType "swiss (blitz)"]

{[%evp 9,74,17,20,12,58,0,0,0,7,-31,19,11,4,0,7,-6,-7,1,0,0,23,22,23,27,74,27,29,-150,20,21,20,0,9,8,9,6,18,0,0,-62,0,0,0,0,29997,601,2036,2475,2191,1983,2975,1739,29986,29987,29990,29991,29991,29992,29992,29991,29994,29993,29993,29994,29998,29999,29999]} 1. e4 c6 2. Nc3 d5 3. exd5 cxd5 4. d4 e6 5. Nf3 Nf6 6. Bf4 {B13: Caro-Kann: Exchange Variation and Panov-Botvinnik Attack.} Be7 {[#]} 7. Ne5 $146 ({White should try} 7. Nb5 $14 Na6 8. c3) ({Predecessor:} 7. Nb5 Na6 8. c3 O-O 9. Bd3 Ne4 10. O-O Bd7 11. a4 h6 12. Qe2 Ng5 13. Ne5 {½-½ (56) Meister,J (2491)-Andriasian,Z (2463) playchess.com INT 2006}) 7... O-O $11 8. Bd3 {The position is equal.} Nc6 9. Ne2 Nxe5 10. Bxe5 Nd7 11. Bf4 f6 12. c3 e5 13. dxe5 fxe5 14. Bg3 e4 15. Bc2 Nf6 16. O-O Bd6 17. Bxd6 Qxd6 18. Nd4 $2 (18. h3 $11) 18... Bg4 $2 (18... Ng4 $17 {[%csl Gg4][%cal Rd6h2]} 19. g3 Ne5) 19. Qd2 Rae8 20. Bd1 Bd7 21. Qg5 Re5 22. Qg3 Rfe8 23. f4 exf3 24. Nxf3 (24. Bxf3 $11 Qb6 25. Qf2) 24... Qb6+ (24... Ne4 $15 25. Qf4 Qc5+ 26. Nd4 Rf5) 25. Qf2 $1 {[%cal Rf2b6] Strongly threatening Qxb6.} Re3 26. Nd4 $40 {[%mdl 128] White has some attack.} Ng4 $2 {[%mdl 8192] [#]} (26... Bb5 $11 27. Nxb5 Qxb5) 27. Bxg4 (27. Qf7+ $142 $1 {[%mdl 512]} Kh8 {[#]} 28. Qf8+ $1 {[%mdl 576] Back Rank} Rxf8 29. Rxf8#) 27... Qd6 28. Qf7+ {[%mdl 64] Double Attack} Kh8 29. Bxd7 Rg8 30. Be6 {[%csl Ge6][%cal Rf7g8]} Rd8 {[#]} 31. Nf5 $1 {[%csl Gf5][%cal Rf7g7] White mates.} Qe5 32. Nxe3 Qxe3+ {[#]} 33. Kh1 $1 h6 34. Bf5 Qg5 35. Bg6 Rg8 36. Rae1 d4 {[#]} 37. Qxg8+ $1 {[%mdl 64] Remove Defender, Back Rank} Kxg8 38. Re8# {Accuracy: White = 66%, Black = 54%.} 1-0

[Event "Stay Safe Play From Home 196"]
[Site "T#646541Emanuel Laske"]
[Date "2020.06.03"]
[Round "8"]
[White "Grizzzly"]
[Black "Meini"]
[Result "1-0"]
[WhiteElo "1723"]
[BlackElo "1628"]
[Annotator "NA RC"]
[PlyCount "95"]
[EventDate "2020.06.03"]
[EventType "swiss (blitz)"]

1. c4 {[%emt 0:00:02]} Nf6 {[%emt 0:00:02]} 2. Nc3 {[%emt 0:00:00]} g6 {[%emt 0:00:00]} 3. Nf3 {[%emt 0:00:01]} Bg7 {[%emt 0:00:00]} 4. d4 {[%emt 0:00:01]} O-O {[%emt 0:00:01]} 5. e4 {[%emt 0:00:00]} c6 {[%emt 0:00:01]} 6. Be2 {[%emt 0:00:00]} d6 {[%emt 0:00:01]} 7. O-O {[%emt 0:00:00]} Nbd7 {[%emt 0:00:01]} 8. h3 {[%emt 0:00:01]} b6 {[%emt 0:00:01]} 9. Be3 {[%emt 0:00:00]} Bb7 {[%emt 0:00:01]} 10. Qd2 {[%emt 0:00:00]} e6 {[%emt 0:00:01]} 11. Rad1 {[%emt 0:00:00]} d5 {[%emt 0:00:01]} 12. exd5 {[%emt 0:00:01]} exd5 {[%emt 0:00:01]} 13. cxd5 {[%emt 0:00:01]} Nxd5 {[%emt 0:00:01]} 14. Nxd5 {[%emt 0:00:01]} cxd5 {[%emt 0:00:01]} 15. Ne5 {[%emt 0:00:00]} Nxe5 {[%emt 0:00:01]} 16. dxe5 {[%emt 0:00:00]} Bxe5 {[%emt 0:00:03]} 17. Bd4 {[%emt 0:00:01]} Bxd4 {[%emt 0:00:01]} 18. Qxd4 {[%emt 0:00:01]} Qe7 {[%emt 0:00:01]} 19. Bf3 {[%emt 0:00:01]} Rad8 {[%emt 0:00:03]} 20. Rfe1 {[%emt 0:00:00]} Qd6 {[%emt 0:00:03]} 21. Qe5 {[%emt 0:00:02]} Rfe8 {[%emt 0:00:04]} 22. Qxd6 {[%emt 0:00:02]} Rxe1+ {[%emt 0:00:02]} 23. Rxe1 {[%emt 0:00:01]} Rxd6 {[%emt 0:00:00]} 24. Re8+ {[%emt 0:00:02]} Kg7 {[%emt 0:00:00]} 25. Re7 {[%emt 0:00:01]} d4 {[%emt 0:00:00]} 26. Rxb7 {[%emt 0:00:02]} d3 {[%emt 0:00:00]} 27. Kf1 {[%emt 0:00:01]} d2 {[%emt 0:00:00]} 28. Bd1 {[%emt 0:00:02]} Rc6 {[%emt 0:00:02]} 29. Rxa7 {[%emt 0:00:02]} Rc1 {[%emt 0:00:00]} 30. Ke2 {[%emt 0:00:01]} Rb1 {[%emt 0:00:01]} 31. Kxd2 {[%emt 0:00:01]} Rxb2+ {[%emt 0:00:00]} 32. Bc2 {[%emt 0:00:00]} Rb5 {[%emt 0:00:02]} 33. Rb7 {[%emt 0:00:02]} Rd5+ {[%emt 0:00:00]} 34. Bd3 {[%emt 0:00:01]} Rc5 {[%emt 0:00:00]} 35. a4 {[%emt 0:00:01]} Ra5 {[%emt 0:00:00]} 36. Rxb6 {[%emt 0:00:01]} Rxa4 {[%emt 0:00:00]} 37. Ke3 {[%emt 0:00:01]} Ra2 {[%emt 0:00:00]} 38. f4 {[%emt 0:00:01]} Rxg2 {[%emt 0:00:02]} 39. Rb7 {[%emt 0:00:02]} Rg3+ {[%emt 0:00:00]} 40. Kd4 {[%emt 0:00:02]} Rxh3 {[%emt 0:00:00]} 41. Bc4 {[%emt 0:00:01]} Rg3 {[%emt 0:00:00]} 42. Rxf7+ {[%emt 0:00:02]} Kh6 {[%emt 0:00:01]} 43. Ke5 {[%emt 0:00:00]} Rc3 {[%emt 0:00:02]} 44. Be6 {[%emt 0:00:02]} Re3+ {[%emt 0:00:01]} 45. Kf6 {[%emt 0:00:02]} Re1 {[%emt 0:00:01]} 46. Ra7 {[%emt 0:00:02]} Rf1 {[%emt 0:00:00]} 47. Ra2 {[%emt 0:00:01]} g5 {[%emt 0:00:00]} 48. Rh2# {[%emt 0:00:02] (Lag: Av=0.17s, max=0.3s)} 1-0

[Event "Stay Safe Play From Home 196"]
[Site "T#646541Emanuel Laske"]
[Date "2020.06.03"]
[Round "8"]
[White "Matanant"]
[Black "GIULIO19031975"]
[Result "0-1"]
[WhiteElo "1673"]
[BlackElo "1763"]
[Annotator "NA RC"]
[PlyCount "54"]
[EventDate "2020.06.03"]
[EventType "swiss (blitz)"]

1. e4 {[%emt 0:00:06]} c5 {[%emt 0:00:01]} 2. Nf3 {[%emt 0:00:02]} e6 {[%emt 0:00:01]} 3. d3 {[%emt 0:00:04]} d5 {[%emt 0:00:00]} 4. exd5 {[%emt 0:00:03]} exd5 {[%emt 0:00:00]} 5. Nc3 {[%emt 0:00:01]} Nf6 {[%emt 0:00:00]} 6. Be2 {[%emt 0:00:01]} Nbd7 {[%emt 0:00:01]} 7. O-O {[%emt 0:00:01]} a6 {[%emt 0:00:00]} 8. Bg5 {[%emt 0:00:03]} Be7 {[%emt 0:00:01]} 9. Re1 {[%emt 0:00:02]} O-O {[%emt 0:00:01]} 10. Qd2 {[%emt 0:00:03]} d4 {[%emt 0:00:01]} 11. Nd1 {[%emt 0:00:05]} Re8 {[%emt 0:00:00]} 12. b3 {[%emt 0:00:06]} Nd5 {[%emt 0:00:01]} 13. Nb2 {[%emt 0:00:00]} Bxg5 {[%emt 0:00:03]} 14. Nxg5 {[%emt 0:00:01]} Nc3 {[%emt 0:00:01]} 15. Bf3 {[%emt 0:00:04]} Nf6 {[%emt 0:00:04]} 16. Rxe8+ {[%emt 0:00:02]} Nxe8 {[%emt 0:00:02]} 17. Re1 {[%emt 0:00:00]} Nf6 {[%emt 0:00:02]} 18. a4 {[%emt 0:00:01]} Bg4 {[%emt 0:00:03]} 19. Bxg4 {[%emt 0:00:02]} Nxg4 {[%emt 0:00:01]} 20. Nc4 {[%emt 0:00:01]} h6 {[%emt 0:00:02]} 21. Ne4 {[%emt 0:00:02]} f5 {[%emt 0:00:02]} 22. Nxc3 {[%emt 0:00:01]} dxc3 {[%emt 0:00:01]} 23. Qxc3 {[%emt 0:00:00]} b5 {[%emt 0:00:00]} 24. Ne5 {[%emt 0:00:03]} Nxe5 {[%emt 0:00:03]} 25. Qxe5 {[%emt 0:00:01]} bxa4 {[%emt 0:00:00]} 26. bxa4 {[%emt 0:00:02]} Qd7 {[%emt 0:00:02]} 27. Qxc5 {[%emt 0:00:01]} Qxa4 {[%emt 0:00:01] Time (Lag: Av=0.57s, max=1.8s)} 0-1

[Event "Stay Safe Play From Home 196"]
[Site "T#646541Emanuel Laske"]
[Date "2020.06.03"]
[Round "8"]
[White "Trotsky"]
[Black "Bigwig911"]
[Result "1-0"]
[WhiteElo "1568"]
[BlackElo "1445"]
[Annotator "NA RC"]
[PlyCount "31"]
[EventDate "2020.06.03"]
[EventType "swiss (blitz)"]

1. d4 {[%emt 0:00:01]} c6 {[%emt 0:00:01]} 2. e3 {[%emt 0:00:00]} d5 {[%emt 0:00:01]} 3. c4 {[%emt 0:00:00]} Nf6 {[%emt 0:00:01]} 4. Nc3 {[%emt 0:00:00]} Bg4 {[%emt 0:00:02]} 5. f3 {[%emt 0:00:01]} Bh5 {[%emt 0:00:01]} 6. g4 {[%emt 0:00:01]} Bg6 {[%emt 0:00:01]} 7. c5 {[%emt 0:00:00]} e6 {[%emt 0:00:02]} 8. Bd3 {[%emt 0:00:01]} Bxd3 {[%emt 0:00:02]} 9. Qxd3 {[%emt 0:00:01]} Be7 {[%emt 0:00:00]} 10. Bd2 {[%emt 0:00:01]} O-O {[%emt 0:00:01]} 11. h4 {[%emt 0:00:00]} Nbd7 {[%emt 0:00:00]} 12. Nh3 {[%emt 0:00:00]} g6 {[%emt 0:00:01]} 13. Ng5 {[%emt 0:00:00]} h6 {[%emt 0:00:01]} 14. h5 {[%emt 0:00:01]} hxg5 {[%emt 0:00:01]} 15. hxg6 {[%emt 0:00:01]} fxg6 {[%emt 0:00:01]} 16. Qxg6# {[%emt 0:00:01] (Lag: Av=0.30s, max=0.4s)} 1-0

[Event "Stay Safe Play From Home 196"]
[Site "T#646541Emanuel Laske"]
[Date "2020.06.03"]
[Round "9"]
[White "Broken sword"]
[Black "Grizzzly"]
[Result "1-0"]
[WhiteElo "2471"]
[BlackElo "1735"]
[Annotator "TA"]
[PlyCount "43"]
[EventDate "2020.06.03"]
[EventType "swiss (blitz)"]

{[%evp 20,43,37,31,53,57,170,85,170,194,190,190,268,270,405,399,433,415,502,497,563,585,860,859,1000,982]} 1. e4 e6 2. d4 d5 3. Nd2 dxe4 4. Nxe4 Nd7 5. Nf3 Ngf6 6. Nxf6+ Nxf6 7. g3 Be7 8. Bg2 O-O 9. O-O c5 10. c4 cxd4 11. Qxd4 {[#]} Re8 $146 {C10: French with 3 Nc3: Unusual Black 3rd moves and 3...dxe4.} ({Predecessor:} 11... Qxd4 12. Nxd4 e5 13. Nb5 a6 14. Nc3 Be6 15. b3 Rab8 16. Be3 Bb4 17. Na4 b5 18. Nc5 Bxc5 19. Bxc5 {1-0 (41) Podetti,D (2203)-Chesnokova,A (1683) St Petersburg 2019}) 12. b3 Rb8 (12... Qxd4 $14 13. Nxd4 Bc5) 13. Bf4 ({White should try} 13. Qxa7 $18 Bd6 14. Ba3) 13... Qxd4 (13... Ra8 $16) 14. Nxd4 $18 Ra8 {[#]} 15. Nb5 $1 {[%cal Rb5c7] Hoping for Nc7.} Bd7 (15... Rd8 $142 16. Nc7 Rb8) 16. Nc7 Rac8 (16... Bc6 {is a better defense.} 17. Bxc6 bxc6 18. Nxe8 Rxe8) 17. Nxe8 Rxe8 18. Bxb7 Nh5 19. Be3 {White is clearly winning.} Bb4 20. Rfd1 Re7 21. a3 Ba5 22. Bc5 {Black got outplayed after the opening. Accuracy: White = 78%, Black =  8%.} 1-0

[Event "Stay Safe Play From Home 196"]
[Site "T#646541Emanuel Laske"]
[Date "2020.06.03"]
[Round "9"]
[White "Mepe_Nika"]
[Black "Trotsky"]
[Result "1-0"]
[WhiteElo "2319"]
[BlackElo "1580"]
[Annotator "TA"]
[PlyCount "57"]
[EventDate "2020.06.03"]
[EventType "swiss (blitz)"]

{[%evp 9,56,-2,18,24,70,18,58,27,78,20,28,6,119,109,827,803,847,821,862,833,835,831,902,868,902,903,901,937,900,876,858,743,1623,1594,1568,1531,1983,2316,3354,2750,29986,29987,29992,29989,29993,29994,29998,29999,29999]} 1. d4 d5 2. Bf4 e6 3. e3 c5 4. c3 Nc6 5. Nd2 c4 6. Ngf3 {D00: 1 d4 d5: Unusual lines.} Bd6 7. Bg3 {[#]} (7. b3 $14) 7... Qc7 $146 ({Predecessor:} 7... Nf6 8. Qc2 b6 9. e4 Bb7 10. e5 Ne4 11. exd6 Nxg3 12. hxg3 Qxd6 13. Rxh7 Qf8 14. Rxh8 Qxh8 {1-0 (31) Farias,V (1676)-Lanznaster,J Florianopolis 2018}) 8. e4 {White is slightly better.} Bd7 (8... Bxg3 $11 9. hxg3 b5) 9. e5 (9. Qe2 $16) 9... Be7 $11 10. Be2 O-O-O (10... Nh6 $11 {remains equal.}) 11. O-O f6 $2 {[%mdl 8192] [#] Black cannot hold the game after this.} (11... g5 $16) 12. exf6 $18 Bd6 13. fxg7 Nf6 14. gxh8=Q Rxh8 15. b3 h5 16. bxc4 Ng4 17. cxd5 Bxg3 18. hxg3 exd5 19. Rb1 h4 20. Ne5 hxg3 21. Bxg4 Nxe5 22. dxe5 gxf2+ 23. Rxf2 Qxe5 24. Bxd7+ Kc7 25. Nf3 {White mates.} Qf4 26. Bh3 Qg3 27. Qxd5 {[%csl Gd5][%cal Rb1b7]} Rxh3 28. Rxb7+ {[%mdl 64] [#] Double Attack} Kc8 29. Qd7# {Accuracy: White = 56%, Black =  8%.} 1-0